On This Day: December 20th II Quiz Stats

 Plays Quiz Updated Feb 26, 2019

Score 0/7 Timer 03:00
0 Plays Today
Question Answer Wrong Answers
Adolf Hitler is released from Landsberg Prison, where he dictated his memoirs known as ________.
1924
Mein Kampf
96.2%
Der Prozess
1.1%
Austerlitz
1.6%
Unterleuten
0.5%
The production version of the 707 airliner, made by this company, makes its first flight.
1957
Boeing
94.5%
Lockheed
1.7%
Cessna
0.8%
Airbus
2.2%
France officially transfers sovereignty over this area to the United States.
1803
Louisiana Territory
94.4%
Quebec
3%
Texas
2%
Acadia
0.5%
Following the Srebrenica massacre, NATO establishes a peacekeeping force in this European nation.
1995
Bosnia and Herzegovina
82.7%
North Macedonia
4.7%
Ukraine
8.3%
Moldova
3.1%
The Virginia Company of London sends out ships to establish a colony that would become ________, the first permanent English settlement in the Americas.
1606
Jamestown
80.7%
Plymouth
14.1%
Boston
3.5%
St. Augustine
1.7%
This American astronomer and host of Cosmos dies of pneumonia at the age of 62.
1996
Carl Sagan
80.3%
Edwin Hubble
9.8%
James Burke
3%
Arthur C. Clarke
5.6%
Luis Carrero Blanco, Prime Minister of ______, is assassinated by a car bomb attack.
1973
Spain
25.8%
Argentina
41.3%
Portugal
10.6%
Honduras
21.4%

You're not logged in!

Compare scores with friends on all Sporcle quizzes.
OR
Log In

Sporcle TV

Today on Sporcle TV


Watch our educational content, quiz creation guides, and fun videos on Sporcle TV.

Show Comments

Extras

Top Quizzes Today


Score Distribution

Your Account Isn't Verified!

In order to create a playlist on Sporcle, you need to verify the email address you used during registration. Go to your Sporcle Settings to finish the process.

Report this User

Report this user for behavior that violates our Community Guidelines.

Details: